000 00542nam a2200181Ia 4500
008 100920s9999 xx 000 0 und d
082 _b104554
_a891.43 न 04
100 _aकश्यप ओमप्रकाश.
245 _aविजयपथ.
260 _bमित्तल ऍण्ड सन्स,दिल्ली.
_c2004
300 _a168
_bसाधी
365 _b195
520 _aहिंदी.
630 _aविजयपथ.
650 _aहिंदी.
730 _aविजयपथ.
942 _cBOOK
999 _c744986
_d744983